| 000 | 01021nam a22002297a 4500 | ||
|---|---|---|---|
| 001 | 85821 | ||
| 005 | 20260420142623.0 | ||
| 007 | ta | ||
| 008 | 260420s2026 sp ||||| |||| 00| 0 spa d | ||
| 017 |
_aM-2838-2026 _bOficina Depósito Legal Madrid |
||
| 020 | _a979-13-87647-16-2 | ||
| 040 |
_aM-RABA _bspa _cM-RABA |
||
| 100 |
_aNieto de la Cierva, Fuensanta ( _d1957- _9111677 |
||
| 245 |
_aEl museo en mutación memoria e intervención _c/ discurso de la académica electa Excma. Sra. Dª. Fuensanta Nieto de la Cierva, leído en el acto de su recepción pública el día 19 de abril de 2026 y contestación del académico Excmo. Sr. D. Luis Fernández-Galiano Ruiz |
||
| 260 |
_aMadrid : _bReal Academia de Bellas Artes de San Fernando, _c2026 |
||
| 650 | 7 |
_aArquitectura _942568 |
|
| 655 | 7 |
_aDiscursos académicos. _954126 |
|
| 700 |
_aFernández-Galiano Ruiz, Luis ( _d1950-) _9107920 |
||
| 710 | 2 |
_aReal Academia de Bellas Artes de San Fernando. _975832 |
|
| 852 |
_aM-RABA _jDis-544; Dis-545 |
||
| 942 |
_cFONDOMODER _n0 |
||
| 999 |
_c85821 _d85821 |
||